<?xml version="1.0" encoding="UTF-8"?>
<record
    xmlns:xsi="http://www.w3.org/2001/XMLSchema-instance"
    xsi:schemaLocation="http://www.loc.gov/MARC21/slim http://www.loc.gov/standards/marcxml/schema/MARC21slim.xsd"
    xmlns="http://www.loc.gov/MARC21/slim">

  <leader>03026nam a22003737i 4500</leader>
  <controlfield tag="001">B-12625</controlfield>
  <controlfield tag="003">CO-BoFNCP</controlfield>
  <controlfield tag="007">t|| </controlfield>
  <controlfield tag="008">091002s2008    my     r           eng d </controlfield>
  <datafield tag="040" ind1=" " ind2=" ">
    <subfield code="a">CO-BoFNCP</subfield>
    <subfield code="b">spa</subfield>
    <subfield code="c">CO-BoFNCP</subfield>
    <subfield code="e">rda</subfield>
  </datafield>
  <datafield tag="041" ind1=" " ind2=" ">
    <subfield code="a">eng</subfield>
  </datafield>
  <datafield tag="043" ind1=" " ind2=" ">
    <subfield code="a">my</subfield>
  </datafield>
  <datafield tag="084" ind1=" " ind2=" ">
    <subfield code="a">A-</subfield>
  </datafield>
  <datafield tag="100" ind1="1" ind2=" ">
    <subfield code="a">Sim, C. C.</subfield>
    <subfield code="9">41400,</subfield>
    <subfield code="e">autor.</subfield>
    <subfield code="4">aut</subfield>
  </datafield>
  <datafield tag="245" ind1="1" ind2="0">
    <subfield code="a">Replanting for sustainable high yield.</subfield>
  </datafield>
  <datafield tag="264" ind1=" " ind2="4">
    <subfield code="c">&#xA9;2008</subfield>
  </datafield>
  <datafield tag="300" ind1=" " ind2=" ">
    <subfield code="a">p&#xE1;ginas 739-751 :</subfield>
    <subfield code="b">Tablas, gr&#xE1;ficos, fotograf&#xED;as.</subfield>
  </datafield>
  <datafield tag="336" ind1=" " ind2=" ">
    <subfield code="a">texto</subfield>
    <subfield code="b">txt</subfield>
    <subfield code="2">rdacontent</subfield>
  </datafield>
  <datafield tag="337" ind1=" " ind2=" ">
    <subfield code="a">sin mediaci&#xF3;n</subfield>
    <subfield code="b">n</subfield>
    <subfield code="2">rdamedia</subfield>
  </datafield>
  <datafield tag="338" ind1=" " ind2=" ">
    <subfield code="a">volumen</subfield>
    <subfield code="b">nc</subfield>
    <subfield code="2">rdacarrier</subfield>
  </datafield>
  <datafield tag="504" ind1=" " ind2=" ">
    <subfield code="a">Incluye referencias bibliogr&#xE1;ficas.</subfield>
  </datafield>
  <datafield tag="520" ind1=" " ind2=" ">
    <subfield code="a">The average crude palm oil (CPO) yield in Malaysia has been stagnating at around 4 tonnes per hectare per year. Production and hence profit of most plantation companies had been increased and temporarily sustained largely by expanding the areas of planting. However, due to shortage of suitable agriculture land. Other than implementing good agro-management practices to achieve high yield of existing palms, one of the most promising ways by which the productivity of existing land can be significantly improved is to replant i.e. replacing existing old palms with higher yielding materials. This can be supported by the fact 16 percent of imporvement in fresh fruit bunch (FFB) yield and 35 percent of improvement in oil yield has been achieved over the past 10 to 15 years through breedings efforts. With the advancement of technologies and knowledge, we can also take a rare opportunity in replanting to optimise the planting density and planting pattern under different environment conditions in ways that have not been possible before to enhance the yield and productivity of the improved planting materials. With the introduction of useful spatial data and geo-spatial analysis tools, efficient road system should be planned to reduce the long-term maintenance cost in hilly areas while effective drainage scheme can be designed to enhance the yield productivity of low-lying areas. In addition to these, large amount of nutrients, equivalent to about 1500 kg per hectare of ammonium sulphate, 220 kg per hectare of rock phosphate, 1330 kg per hectare of muriate of potash and 360 kg per hectare of kieserite that are 'stored' in the palm biomass can also be reutilised by young palms. At the same time, 'free' nitrogen from the air, equivalent to 1190 kg per hectare of ammonium sulphate can possibly be fixed and incorporated into the soil by leguminous cover plants during the inmature period.</subfield>
  </datafield>
  <datafield tag="650" ind1=" " ind2="0">
    <subfield code="a">Cosecha de oleaginosas</subfield>
    <subfield code="9">30059.</subfield>
  </datafield>
  <datafield tag="650" ind1=" " ind2="0">
    <subfield code="a">P&#xE9;rdida de semillas</subfield>
    <subfield code="9">34440.</subfield>
  </datafield>
  <datafield tag="650" ind1=" " ind2="0">
    <subfield code="a">Preparaci&#xF3;n de semillas</subfield>
    <subfield code="9">34808.</subfield>
  </datafield>
  <datafield tag="650" ind1=" " ind2="0">
    <subfield code="a">Replantaci&#xF3;n de palma de aceite</subfield>
    <subfield code="9">35349.</subfield>
  </datafield>
  <datafield tag="650" ind1=" " ind2="0">
    <subfield code="a">Palma de aceite</subfield>
    <subfield code="9">37678.</subfield>
  </datafield>
  <datafield tag="700" ind1="1" ind2=" ">
    <subfield code="a">Teo, C. B.</subfield>
    <subfield code="9">41401.</subfield>
  </datafield>
  <datafield tag="700" ind1="1" ind2=" ">
    <subfield code="a">Tey, S. H.</subfield>
    <subfield code="9">41402.</subfield>
  </datafield>
  <datafield tag="773" ind1="0" ind2=" ">
    <subfield code="a">The Planter (Malasia)</subfield>
    <subfield code="g">v. 84, no. 992 (2008), p.739-751</subfield>
    <subfield code="w">A-</subfield>
    <subfield code="x">0126-575x</subfield>
  </datafield>
  <datafield tag="942" ind1=" " ind2=" ">
    <subfield code="2">z</subfield>
    <subfield code="c">1</subfield>
  </datafield>
  <datafield tag="952" ind1=" " ind2=" ">
    <subfield code="0">0</subfield>
    <subfield code="1">0</subfield>
    <subfield code="2">z</subfield>
    <subfield code="4">0</subfield>
    <subfield code="7">0</subfield>
    <subfield code="a">2</subfield>
    <subfield code="b">2</subfield>
    <subfield code="d">2013-10-21</subfield>
    <subfield code="h">The Planter (Malasia). v. 84, no. 992 (2008), p.739-751. ST-A-, ISSN: 0126-575x</subfield>
    <subfield code="l">0</subfield>
    <subfield code="o">A-</subfield>
    <subfield code="p">R-12625</subfield>
    <subfield code="r">2013-10-21 00:00:00</subfield>
    <subfield code="t">Ej. 1</subfield>
    <subfield code="w">2013-10-21</subfield>
    <subfield code="y">1</subfield>
  </datafield>
  <datafield tag="999" ind1=" " ind2=" ">
    <subfield code="c">26597</subfield>
    <subfield code="d">26597</subfield>
  </datafield>
  <datafield tag="999" ind1=" " ind2=" ">
    <subfield code="z">1</subfield>
  </datafield>
</record>
